000
00318 a2200157 4500
001
49822
020
_a
9788538070955
040
_c
Anchieta - Bela Vista
100
_a
Corderoy, Tracey
240
1
0
_a
Mais!
_l
por
245
1
0
_a
Mais!
300
_a
32
362
0
_a
2017
650
4
_a
Literatura infantil
942
_c
BK
999
_c
49822
_d
49822